000 00568nam a2200181Ia 4500
008 090123s9999 xx 000 0 und d
082 _b26803
_a891.463/पंडित
100 _aपंडित शरदचंद्र
245 _aसूड भैरवी
250 _a1
260 _bसत्यजय प्रकाशन
300 _a140
600 _aपंडित शरदचंद्र
630 _aसूड भैरवी
700 _aपंडित शरदचंद्र
730 _aसूड भैरवी
942 _cBOOK
999 _c64872
_d64872